| 000 | 00544nam a2200145Ia 4500 | ||
|---|---|---|---|
| 008 | 200619s9999 xx 000 0 und d | ||
| 020 | _a978-0-471-35295-2 | ||
| 100 | _aKolpan, Steven | ||
| 245 |
_cSteven Kolpan, Brian H. Smith, Michael A. Weiss.-- _aExploring wine: _bThe culinary institute of america's complete guide to wines of the world |
||
| 250 | _a2nd ed. | ||
| 260 |
_aNew York : _bJohn Wiley & Sons, Inc. _c2002 |
||
| 300 | _axii, 820 pages | ||
| 500 | _aIncludes Appendix, Bibliography, and Index | ||
| 650 | _a Wine and wine making. | ||
| 999 |
_c363725 _d363725 |
||